Eligio Ancona : espíritu y acción /

Biografía de Eligio Ancona (1835-1893), historiador y escritor nacido en Mérida, Yucatán. Al morir su padre se hizo cargo del colegio que éste tenía. Contra el golpe de estado de Ignacio Comonfort luchó en unión de Juan Antonio Esquivel y Farfán defendiendo la Constitución. Colaboró en varios periód...

Deskribapen osoa

Gorde:
Xehetasun bibliografikoak
Egile nagusia: Magaña Esquivel, Antonio (autor)
Formatua: Liburua
Hizkuntza:gaztelania
Argitaratua: México : Secretaría de Educación Pública, Subsecretaría de Asuntos Culturales, 1966, c1966
Saila:(Cuadernos de Lectura Popular ; 33)
(La Victoria de la República)
Gaiak:
Etiketak: Etiketa erantsi
Etiketarik gabe, Izan zaitez lehena erregistro honi etiketa jartzen!

MARC

LEADER 00000nam^a2200000^a^4500
001 000137607
005 20250521000000.0
009 20260310095401.098
037 |a Acervo ITESO - Biblioteca 
041 |a ESP 
082 |a 808. 88  |b CUA V. 33 
100 |a Magaña Esquivel, Antonio  |e (autor) 
245 1 0 |a Eligio Ancona :  |b espíritu y acción /  |c A. Magaña Esquivel. 
264 4 |a México :  |b Secretaría de Educación Pública, Subsecretaría de Asuntos Culturales,  |c 1966, c1966 
300 |a 60 p. 
336 |a texto  |b txt  |2 rdacontenido 
337 |a sin mediación  |b n  |2 rdamedio 
338 |a volumen  |b nc  |2 rdasoporte 
440 1 |a (Cuadernos de Lectura Popular ;  |v 33) 
440 4 |a (La Victoria de la República) 
520 |a Biografía de Eligio Ancona (1835-1893), historiador y escritor nacido en Mérida, Yucatán. Al morir su padre se hizo cargo del colegio que éste tenía. Contra el golpe de estado de Ignacio Comonfort luchó en unión de Juan Antonio Esquivel y Farfán defendiendo la Constitución. Colaboró en varios periódicos. Ingresó en la política y la Intervención francesa lo sorprendió ejerciendo el cargo de regidor del Ayunt. Fundó el periódico "La píldora", para combatir el Imperio, al cual le siguió "Yucatán" y "La razón del pueblo". Ocupó varios puestos políticos hasta su muerte. Escribió una historia de Yucatán, así como varias novelas históricas y obras teatrales. 
649 |a XX 
650 |a Historiadores Mexicanos -  |x Biografías 
650 |a Escritores Mexicanos -  |x Biografías 
650 |a Periodistas Mexicanos -  |x Biografías 
650 |a Yucatán -  |x Historia -  |y Siglo XIX 
650 |a México -  |x Historia -  |y Siglo XIX 
650 |a Ancona, Eligio 
910 |a Fondo Salvador Reynoso Reynoso 
920 |a Impresos - Libros 
930 |a Fondos Especiales 
940 |a Literatura 
905 |a 112 
901 |a 0800014188  |b IT2  |c ESP  |u 20250521 
902 |a https://opac.biblio.iteso.mx/vufind/Record/000137607